| 000 | 01118cam a2200337 a 4500 | ||
|---|---|---|---|
| 001 | 5597 | ||
| 003 | FISKH | ||
| 005 | 20241219144816.0 | ||
| 008 | 910501s1992 nyua j 000 1 eng | ||
| 010 | _a 91018860 | ||
| 020 | _a0590449729 : | ||
| 020 | _a9780590449724 | ||
| 040 |
_aDLC _cDLC _dDLC _beng |
||
| 050 | _aPZ7.N1345 | ||
| 082 | _a543 | ||
| 100 | 1 | _aNagel, Karen Berman. | |
| 245 | 1 | 0 |
_aTwo crazy pigs / _cby Karen Berman Nagel ; illustrated by Brian Schatell. |
| 260 |
_aNew York : _bScholastic, _c1992. |
||
| 300 |
_a30 unnumbered pages ; _bcolor illustrations ; _c23 cm |
||
| 440 | 0 |
_aHello reader! _nLevel 2 |
|
| 505 | _aK | ||
| 520 | _aTwo pigs who drive the farmer and his wife crazy with their silliness and pranks decide to move to a new farm, only to be missed by all the other animals when they leave. | ||
| 521 | 8 |
_a510
_bLexile |
|
| 521 | 8 |
_aK
_bRaz-Plus |
|
| 650 | 1 |
_aPigs _xFiction. |
|
| 650 | 1 |
_aDomestic animals _xFiction. |
|
| 700 | 1 |
_aSchatell, Brian, _eillustrator |
|
| 906 |
_a7 _bcbc _corignew _d1 _eocip _f19 _gy-gencatlg |
||
| 942 |
_2ddc _cBK _n0 |
||
| 999 |
_c5597 _d5597 |
||